Jejak rasul 2 : Rahsia Madinah

Bibliographic Details
Main Author: Khalil Ibrahim Mulla Khotir (Author)
Other Authors: Ahmad Khairi Al-Latifi (Translator)
Format: Book
Language:Malay
Published: Kuala Lumpur : Al-Hidayah Publishers 2001
Subjects:

MARC

LEADER 00000cam a2200000 7i4500
001 0000027518
005 20241118.0
008 170329 my # may
020 |a 9830991962 (pbk) 
040 |a INS   |b eng   |e rda 
090 0 0 |a DS248   |b .K53 2001 
100 1 |a Khalil Ibrahim Mulla Khotir ,   |e author 
245 1 0 |a Jejak rasul 2 :   |b Rahsia Madinah   |c Khalil Ibrahim Mulla Khotir   |f Terjemahan dan tambahan oleh Ahmad Khairi Al-Latifi 
264 1 |a Kuala Lumpur :   |b Al-Hidayah Publishers   |c 2001 
300 |a xvi, 218 pages ;   |c 21 cm. 
336 |a text  |2 rdacontent 
337 |a unmediated  |2 rdamedia 
338 |a volume  |2 rdacarrier 
500 |a Mengandungi ayat-ayat Al-Quran 
651 0 |a Medina (Saudi Arabia)   |x History 
700 0 |a Ahmad Khairi Al-Latifi ,   |e translator 
999 |a 0000023847   |b BOOK   |c Open Shelf   |e Default branch